Kanye West songs- sudden death - Statistics

General Stats
  • This quiz has been taken 575 times
  • The average score is 10 of 15
Answers on the Grid
Answers color-coded by a green-red scale on the quiz's grid according to % correct below.
Slow Jamz
Light Up
Hype
I'll Fly Away
Wanna Be Heard
Fire
Heaven and Hell
Turn on the lights
Yikes
Never let me down
Let It Fly
4th Dimension
Tie My Hands
Monster
Famous
Lust for life
Homecoming
Fever
Fell in love
Blame game
White Dress
Final fantasy
Make me proud
30 Hours
Not an option
Gracious
Addiction
Now & Forever
Hell of a life
Heat of the moment
 
Answer Stats
Answer % Correct
Slow Jamz
89%
Homecoming
88%
Monster
80%
Hell of a life
78%
Famous
77%
Blame game
73%
4th Dimension
70%
Yikes
69%
30 Hours
65%
Never let me down
59%
Addiction
55%
White Dress
54%
I'll Fly Away
51%
Heaven and Hell
46%
Fire
41%
No matching quizzes found
Score Distribution
Percent of People with Each Score
Percentile by Number Answered
Your Score History
You have not taken this quiz